00422 2200169 4500001002100000005001500021008004100036020001800077035001900095041000700114082001000121090001000131100002300141245003100164260004100195300001600236INLIS00000000001031620241224113958241224||||||||| | ||| |||| || |  a979-20-9901-8 0010-1224010316 aid0 a741.3 a741.30 aMASATOSHI KAWAHARA00aTale of the sea king vol 4 aJakartabElex Media Komputindoc1999 a199hlm;17cm